| Tag |
First Indicator |
Second Indicator |
Subfields |
| LEADER |
00000cam a2200000 a 4500 |
| 001 |
in00000011151 |
| 005 |
20151007052009.0 |
| 008 |
880301s1987 gw b 00010 ger d |
| 035 |
|
|
|a (OCoLC)17561108
|
| 035 |
|
|
|9 AAA5823AM
|
| 040 |
|
|
|a MBB
|c MBB
|d TXA
|d UtOrBLW
|
| 049 |
|
|
|a TXAM
|c [A11042397]
|
| 050 |
|
4 |
|a QA1
|b .B763 Nr. 184
|
| 100 |
1 |
|
|a Koehl, Jürgen.
|
| 245 |
1 |
0 |
|a Algebraische Zykel auf Hilbertschen Modulflächen /
|c vorgelegt von Jürgen Koehl.
|
| 264 |
|
1 |
|a Bonn :
|b Reinische Friedrich-Wilhelms-Universität,
|c 1987.
|
| 300 |
|
|
|a v, 104 pages ;
|c 19 cm.
|
| 336 |
|
|
|a text
|b txt
|2 rdacontent
|
| 337 |
|
|
|a unmediated
|b n
|2 rdamedia
|
| 338 |
|
|
|a volume
|b nc
|2 rdacarrier
|
| 490 |
1 |
|
|a Bonner mathematische Schriften ;
|v Nr. 184
|
| 502 |
|
|
|c Rheinsche Friedrich-Wilhelms-Universität
|d 1986.
|
| 504 |
|
|
|a Bibliography: pages 101-104.
|
| 650 |
|
0 |
|a Algebraic varieties.
|
| 650 |
|
0 |
|a Hilbert modular surfaces.
|
| 830 |
|
0 |
|a Bonner mathematische Schriften ;
|v Nr. 184.
|
| 999 |
|
|
|a MARS
|
| 999 |
f |
f |
|s 9ed6c62a-07e9-36bf-bb39-b32d10033075
|i 917528a1-ba9d-3aa5-8f6f-ae2d43e6b41f
|t 0
|
| 952 |
f |
f |
|p ric
|a Texas A&M University
|b Rellis Campus
|c Joint Library Facility
|d Remote Storage
|t 0
|e QA1 .B763 Nr. 184
|h Library of Congress classification
|i unmediated -- volume
|m A14811042397
|
| 998 |
f |
f |
|a QA1 .B763 Nr. 184
|t 0
|l Remote Storage
|